LEADER 01248nam--2200409---450- 001 990001614020203316 005 20050125134251.0 035 $a000161402 035 $aUSA01000161402 035 $a(ALEPH)000161402USA01 035 $a000161402 100 $a20040428d1983----km-y0itay0103----ba 101 0 $aita 102 $aIT 105 $a||||||||001yy 200 1 $aElvis Presley$fAlbert Goldman$gtraduzione di Annalisa Baldassarini Rancati 210 $aMilano$cMondadori$d1983 215 $aV, 589 p.$d18 cm 225 2 $aOscar documenti$v121 410 0$12001$aOscar documenti$v121 454 1$12001 461 1$1001-------$12001 600 1 $aPresley,$bElvis$xBiografia 676 $a927.9 700 1$aGOLDMAN,$bAlbert$0524596 702 1$aBALDASSARINI RANCATI,$bAnnalisa 801 0$aIT$bsalbc$gISBD 912 $a990001614020203316 951 $aXIII.3.D. 39 (Varie coll 381/121)$b18609 L.M.$cVarie coll 951 $aXIII.3.D. 39a (Varie coll 381/121 bis)$b19760 L.M.$cVarie coll 959 $aBK 969 $aUMA 979 $aSIAV6$b10$c20040428$lUSA01$h1359 979 $aSIAV6$b10$c20040428$lUSA01$h1400 979 $aCOPAT4$b90$c20050125$lUSA01$h1342 996 $aElvis Presley$9944661 997 $aUNISA